00495nam a22001457a 4500010001500000020002600015020002300041035001300064037001300077100001600090245012700106260004100233270005400274300002100328 aENG-112170 a9788174877758c350.00 a8174877754c350.00 aEN-95702 bDBAD/PUB aPawar, R.S. aCultural ecology of folk houses : cby R.S. Pawar [and] Vidushi Sharmab(a case study of beas basin of Himachal Pradesh /  aNew DelhibRadha Publications c2012 a4231/1, Ansari Road, DaryaganjbNew Delhie110002 a149p.:c20cm(Hb)